[Event "Catalunya-chT Gp2"]
[Site "Barcelona"]
[Date "2024.03.02"]
[Round "7.9"]
[White "Castelltort Fernandez, Antonio"]
[Black "Pla Almenar, Nel"]
[Result "0-1"]
[WhiteElo "2166"]
[BlackElo "2073"]
[PlyCount "66"]
[EventDate "2024.01.20"]
[EventType "team-tourn"]
[EventRounds "7"]
[EventCountry "ESP"]
[SourceTitle "CB11_2024"]
[SourceDate "2024.03.13"]
[SourceVersion "1"]
[SourceVersionDate "2024.03.13"]
[SourceQuality "1"]
[WhiteTeam "Sant Andreu"]
[BlackTeam "Vila Olimpica"]
[WhiteTeamCountry "ESP"]
[BlackTeamCountry "ESP"]

1. e4 c5 2. d3 e6 3. f4 d5 4. Be2 Nc6 5. Nf3 Nf6 6. e5 Ng4 7. 0-0 Be7 8. c3 b5 9. d4 Qb6 10. h3 Nh6 11. g4 b4 12. Rf2 a5 13. a3 Rb8 14. Bf1 cxd4 15. cxd4 Ba6 16. Bxa6 Qxa6 17. a4 b3 18. Nc3 Qc4 19. Nb5 Nb4 20. Na3 Qd3 21. Qxd3 Nxd3 22. Rf1 Bxa3 23. Rxa3 Kd7 24. Bd2 Rhc8 25. Bc3 Nxf4 26. Bd2 Nd3 27. Bxh6 gxh6 28. Nd2 Ke7 29. Nxb3 Rc2 30. Rf3 Nc1 31. Nxa5 Rbxb2 32. Nb3 Nxb3 33. Raxb3 Rc1+ 0-1

[Event "Catalunya-chT Gp2"]
[Site "Barcelona"]
[Date "2024.01.27"]
[Round "2.8"]
[White "Panades Catarineu, Oriol"]
[Black "Pla Almenar, Nel"]
[Result "1-0"]
[WhiteElo "2013"]
[BlackElo "2073"]
[PlyCount "83"]
[EventDate "2024.01.20"]
[EventType "team-tourn"]
[EventRounds "7"]
[EventCountry "ESP"]
[SourceTitle "CB06_2024"]
[SourceDate "2024.02.07"]
[SourceVersion "1"]
[SourceVersionDate "2024.02.07"]
[SourceQuality "1"]
[WhiteTeam "Llinars"]
[BlackTeam "Vila Olimpica"]
[WhiteTeamCountry "ESP"]
[BlackTeamCountry "ESP"]

1. d4 Nf6 2. Bg5 c5 3. Bxf6 gxf6 4. dxc5 Qa5+ 5. Nc3 Bg7 6. Qd2 f5 7. Nd5 Qxc5 8. c4 a5 9. Qg5 Bxb2 10. Rb1 h6 11. Qf4 e5 12. Qh4 Ba3 13. Qf6 0-0 14. Qxh6 Ra6 15. Qh4 Rg6 16. Nf3 f6 17. Qh5 Rg7 18. e3 Bb4+ 19. Rxb4 axb4 20. Qxf5 Qa5 21. Nd2 Qxa2 22. Nxf6+ Rxf6 23. Qxf6 Nc6 24. h4 Qa1+ 25. Ke2 d5 26. cxd5 Qa6+ 27. Kd1 Qa1+ 28. Ke2 b6 29. Qxc6 Ba6+ 30. Kf3 Qd1+ 31. Ke4 Qg4+ 32. f4 Bxf1 33. Rxf1 Qxg2+ 34. Kd3 e4+ 35. Kc2 Qe2 36. Qe8+ Kh7 37. Qxe4+ Kh8 38. Qd4 Kg8 39. d6 Rg2 40. Rb1 b3+ 41. Rxb3 Rg1 42. Qc4+ 1-0

[Event "Mediterranean-ch 13th"]
[Site "Platja d'Aro"]
[Date "2023.11.11"]
[Round "9"]
[White "Pla Almenar, Nel"]
[Black "Lunin Bohomolets, Iliia"]
[Result "1-0"]
[WhiteElo "2079"]
[BlackElo "1718"]
[PlyCount "75"]
[EventDate "2023.11.04"]
[EventType "swiss"]
[EventRounds "9"]
[EventCountry "ESP"]
[SourceTitle "CB46_2023"]
[SourceDate "2023.11.15"]
[SourceVersion "1"]
[SourceVersionDate "2023.11.15"]
[SourceQuality "1"]

1. e4 c5 2. Nf3 e6 3. d4 cxd4 4. Nxd4 Qb6 5. Nb3 a6 6. Bd3 Qc7 7. Qe2 d6 8. Nc3 Nf6 9. f4 Nbd7 10. g4 h6 11. Be3 b5 12. a3 Bb7 13. 0-0-0 d5 14. e5 Ng8 15. Bd4 Bc5 16. Nxc5 Nxc5 17. Bxb5+ axb5 18. Nxb5 Qc6 19. Nd6+ Kd7 20. Bxc5 Ba6 21. Qe3 Ne7 22. f5 Rhb8 23. Rhe1 Qa4 24. Rd4 Qa5 25. Bb4 Qb6 26. Nxf7 Nc6 27. fxe6+ Kxe6 28. Ng5+ hxg5 29. Qxg5 Nxb4 30. Qg6+ Kd7 31. e6+ Kc8 32. Rxb4 Qd6 33. Qe8+ Kc7 34. Qf7+ Kc6 35. Rxb8 Qxb8 36. Qd7+ Kc5 37. b4+ Kc4 38. Qc6+ 1-0

[Event "Mediterranean-ch 13th"]
[Site "Platja d'Aro"]
[Date "2023.11.05"]
[Round "3"]
[White "Pla Almenar, Nel"]
[Black "Vinolas Anglada, Laura"]
[Result "1/2-1/2"]
[WhiteElo "2079"]
[BlackElo "1855"]
[PlyCount "100"]
[EventDate "2023.11.04"]
[EventType "swiss"]
[EventRounds "9"]
[EventCountry "ESP"]
[SourceTitle "CB46_2023"]
[SourceDate "2023.11.15"]
[SourceVersion "1"]
[SourceVersionDate "2023.11.15"]
[SourceQuality "1"]

1. e4 e5 2. d4 exd4 3. Qxd4 Nc6 4. Qe3 Nf6 5. Bd2 Be7 6. c4 Ng4 7. Qe2 d6 8. h3 Nge5 9. Bc3 0-0 10. Nd2 f5 11. 0-0-0 Kh8 12. f4 Ng6 13. g3 Bf6 14. e5 dxe5 15. fxe5 Ngxe5 16. Ne4 Qe7 17. Nxf6 gxf6 18. Nf3 Nxf3 19. Qxf3 Qe4 20. Qxe4 fxe4 21. Bg2 Be6 22. b3 Kg8 23. Bxe4 f5 24. Bxc6 bxc6 25. Rhe1 Kf7 26. Re5 Rad8 27. Rf1 Rd3 28. Bb4 Rb8 29. Bc5 Rxg3 30. Rfe1 Re8 31. Bxa7 Rxh3 32. Bd4 h5 33. Rg1 Rh4 34. Bc3 Rg4 35. Rd1 h4 36. Rc5 h3 37. Be5 Rg2 38. Rh1 f4 39. Bxf4 Rxa2 40. Rh2 Rxh2 41. Bxh2 Bd7 42. Re5 Rxe5 43. Bxe5 Ke6 44. Bxc7 Kf5 45. Kd2 Ke4 46. Kc3 Kf3 47. Kd4 Bf5 48. b4 Be4 49. b5 cxb5 50. cxb5 Bb7 1/2-1/2

[Event "EU-ch Rapid"]
[Site "Katowice"]
[Date "2022.12.17"]
[Round "4"]
[White "Pla Almenar, Nel"]
[Black "Horvath, Dominik"]
[Result "0-1"]
[WhiteElo "2038"]
[BlackElo "2502"]
[PlyCount "84"]
[EventDate "2022.12.17"]
[EventType "swiss (rapid)"]
[EventRounds "11"]
[EventCountry "POL"]
[SourceTitle "CBM 211 Extra"]
[Source "ChessBase"]
[SourceDate "2023.01.31"]
[SourceVersion "1"]
[SourceVersionDate "2023.01.31"]
[SourceQuality "1"]

1. Nf3 d5 2. b3 Nf6 3. Bb2 e6 4. c4 Be7 5. e3 0-0 6. d4 a6 7. Bd3 dxc4 8. bxc4 c5 9. 0-0 Nc6 10. Nbd2 cxd4 11. exd4 b6 12. Rc1 Bb7 13. Bb1 Rc8 14. Qe2 Re8 15. Rfd1 Qd6 16. Ne4 Qf4 17. Qe3 Qxe3 18. fxe3 Na5 19. Ned2 Ng4 20. Re1 Red8 21. e4 Bb4 22. Re2 Nf6 23. a3 Bf8 24. Ne5 Nd7 25. Nxd7 Rxd7 26. d5 exd5 27. cxd5 Rxc1+ 28. Bxc1 f5 29. e5 Bxd5 30. Bxf5 Bc5+ 31. Kh1 Re7 32. Nf3 h6 33. h3 Nc6 34. Bb2 Be6 35. Be4 Na5 36. Nh4 Nc4 37. Ba1 Rd7 38. Kh2 Rd1 39. Bc3 Ne3 40. Re1 Nf1+ 41. Kh1 Ng3+ 42. Kh2 Rxe1 0-1

[Event "EU-ch Blitz"]
[Site "Katowice"]
[Date "2022.12.16"]
[Round "3"]
[White "Pla Almenar, Nel"]
[Black "Keinanen, Toivo"]
[Result "0-1"]
[WhiteElo "2038"]
[BlackElo "2508"]
[PlyCount "48"]
[EventDate "2022.12.16"]
[EventType "swiss (blitz)"]
[EventRounds "22"]
[EventCountry "POL"]
[SourceTitle "CBM 211 Extra"]
[Source "ChessBase"]
[SourceDate "2023.01.31"]
[SourceVersion "1"]
[SourceVersionDate "2023.01.31"]
[SourceQuality "1"]

1. Nf3 d5 2. b3 Nf6 3. Bb2 e6 4. e3 Bd6 5. c4 0-0 6. g3 c5 7. cxd5 exd5 8. Bg2 Nc6 9. 0-0 d4 10. exd4 cxd4 11. Na3 Bg4 12. Nc4 Bc7 13. Qc2 d3 14. Qc3 Rc8 15. b4 b5 16. Ne3 Bxf3 17. Bxf3 Be5 18. Qa3 Bxb2 19. Qxb2 Nd4 20. Bd1 Ne4 21. a4 a6 22. axb5 axb5 23. Bb3 Nxb3 24. Qxb3 Nxd2 0-1

[Event "Calvia Amateur op 19th"]
[Site "Calvia"]
[Date "2022.10.09"]
[Round "2"]
[White "Tiktin, Dor"]
[Black "Pla Almenar, Nel"]
[Result "0-1"]
[WhiteElo "1784"]
[BlackElo "2062"]
[PlyCount "98"]
[EventDate "2022.10.08"]
[EventType "swiss"]
[EventRounds "9"]
[EventCountry "ESP"]
[SourceTitle "CBM 210 Extra"]
[Source "ChessBase"]
[SourceDate "2022.11.30"]
[SourceVersion "1"]
[SourceVersionDate "2022.11.30"]
[SourceQuality "1"]

1. e4 c5 2. Nc3 a6 3. Nf3 b5 4. d4 e6 5. Be3 cxd4 6. Nxd4 Bb7 7. Bd3 Nf6 8. e5 Nd5 9. Nxd5 Bxd5 10. 0-0 Qc7 11. f4 d6 12. exd6 Bxd6 13. Bxb5+ axb5 14. Nxb5 Qc6 15. Nxd6+ Ke7 16. Nxf7 Kxf7 17. f5 e5 18. Qh5+ Ke7 19. Bg5+ Kd6 20. f6 g6 21. Qe2 Nd7 22. b3 Rhf8 23. c4 Be6 24. Rad1+ Kc7 25. Rf2 h5 26. c5 Bg4 27. Rxd7+ Kxd7 28. Qxe5 Rae8 29. Qd4+ Kc8 30. h3 Bf5 31. b4 Re1+ 32. Kh2 Qe4 33. Qxe4 Rxe4 34. Rb2 Rc4 35. a4 Rc2 36. Rxc2 Bxc2 37. a5 Bd3 38. Kg3 Kd7 39. Kf4 Ke6 40. Ke3 Bb5 41. g4 Rd8 42. gxh5 gxh5 43. h4 Rd3+ 44. Ke4 Rc3 45. Bd2 Rc4+ 46. Kf3 Rxh4 47. f7 Kxf7 48. Kg3 Rd4 49. Be1 Kg6 0-1

[Event "Torredembarra op 22nd"]
[Site "Torredembarra"]
[Date "2022.07.04"]
[Round "3"]
[White "Castillo Dalmau, Albert"]
[Black "Pla Almenar, Nel"]
[Result "1-0"]
[WhiteElo "2302"]
[BlackElo "2095"]
[PlyCount "97"]
[EventDate "2022.07.02"]
[EventType "swiss"]
[EventRounds "9"]
[EventCountry "ESP"]
[SourceTitle "EXT 2023"]
[Source "ChessBase"]
[SourceDate "2022.10.05"]
[SourceVersion "1"]
[SourceVersionDate "2022.10.05"]
[SourceQuality "1"]

1. b3 Nf6 2. Bb2 d5 3. Nf3 g6 4. c4 dxc4 5. bxc4 c5 6. g3 Bg7 7. Bg2 0-0 8. 0-0 Nc6 9. Ne5 Na5 10. Qc2 Nd7 11. Nxd7 Bxd7 12. Bxg7 Kxg7 13. d3 Bc6 14. Qb2+ Qd4 15. Qxd4+ cxd4 16. Nd2 Bxg2 17. Kxg2 Rfd8 18. Rab1 Rac8 19. Rb5 b6 20. f4 Nb7 21. a4 Nd6 22. Rb2 Nf5 23. Ra1 h5 24. Kf3 Rc6 25. a5 Rdd6 26. axb6 axb6 27. Ra7 Re6 28. Ne4 Nd6 29. Nd2 Nf5 30. Rb7 Kf8 31. Ra2 Nd6 32. Rb8+ Kg7 33. Kf2 Kf6 34. Ra6 Kg7 35. Nf3 Nf5 36. Ne5 Rcd6 37. Raa8 Nh6 38. h3 g5 39. Rd8 gxf4 40. gxf4 Kf6 41. Nf3 Nf5 42. Rf8 h4 43. Ng5 Nh6 44. Rh8 Kf5 45. Nxe6 Rxe6 46. Rad8 Kxf4 47. Rxd4+ Kg5 48. Rd5+ Nf5 49. e4 1-0

[Event "Barcelona Tres Peons"]
[Site "Barcelona"]
[Date "2021.10.18"]
[Round "5"]
[White "Prats Rodriguez, Juan Bosco"]
[Black "Pla Almenar, Nel"]
[Result "0-1"]
[WhiteElo "2040"]
[BlackElo "2016"]
[PlyCount "78"]
[EventDate "2021.09.20"]
[EventType "tourn"]
[EventRounds "9"]
[EventCountry "ESP"]
[SourceTitle "EXT 2023"]
[Source "ChessBase"]
[SourceDate "2022.10.05"]
[SourceVersion "1"]
[SourceVersionDate "2022.10.05"]
[SourceQuality "1"]

1. e4 e6 2. d4 d5 3. e5 c5 4. c3 Nc6 5. Nf3 Qb6 6. a3 c4 7. Nbd2 Na5 8. Be2 Bd7 9. 0-0 Ne7 10. Rb1 h6 11. h4 Qc7 12. Re1 Nc8 13. Nf1 Nb6 14. Qd2 0-0-0 15. Qf4 Ba4 16. Bd1 Kb8 17. Be3 Ka8 18. N1d2 g5 19. hxg5 hxg5 20. Nxg5 Be7 21. Bxa4 Bxg5 22. Qxg5 Rdg8 23. Qf6 Nxa4 24. b3 cxb3 25. Nxb3 Nxc3 26. Nxa5 Nxb1 27. Rxb1 Qxa5 28. Qxf7 Qa6 29. Bd2 Rc8 30. Bg5 Qc6 31. g3 Qc7 32. Qf3 Qh7 33. Rb2 Rc3 34. Be3 Rxa3 35. Kf1 Qd3+ 36. Kg2 Ra1 37. Qe2 Qe4+ 38. f3 Qh7 39. Bg1 Qh1+ 0-1

[Event "Catalunya-ch"]
[Site "Vila Seca"]
[Date "2019.04.22"]
[Round "8"]
[White "Valenzuela Gomez, Fernando Alberto"]
[Black "Pla Almenar, Nel"]
[Result "1-0"]
[WhiteElo "2406"]
[BlackElo "2006"]
[PlyCount "75"]
[EventDate "2019.04.18"]
[EventType "swiss"]
[EventRounds "8"]
[EventCountry "ESP"]
[SourceTitle "CBM 189 Extra"]
[Source "ChessBase"]
[SourceDate "2019.06.03"]
[SourceVersion "1"]
[SourceVersionDate "2019.06.03"]
[SourceQuality "1"]

1. d4 Nf6 2. c4 g6 3. Nc3 Bg7 4. e4 d6 5. Nf3 0-0 6. Be2 e5 7. d5 Na6 8. Be3 Nc5 9. Nd2 a5 10. a3 Bd7 11. b4 axb4 12. axb4 Rxa1 13. Qxa1 Na6 14. Qa3 Ng4 15. Bxg4 Bxg4 16. b5 Nb8 17. c5 Re8 18. c6 bxc6 19. bxc6 Bc8 20. 0-0 Na6 21. Nb5 f5 22. f3 f4 23. Bf2 g5 24. Na7 Bf8 25. Nc4 Nc5 26. Bxc5 dxc5 27. Qa2 Kh8 28. Qa1 Qf6 29. Nxc8 Rxc8 30. Qxe5 Qxe5 31. Nxe5 Kg8 32. Nd7 Bg7 33. Rc1 Bd4+ 34. Kf1 Ra8 35. Nxc5 Be3 36. Rc2 Ra1+ 37. Ke2 Rg1 38. d6 1-0

[Event "Catalunya-ch"]
[Site "Vila Seca"]
[Date "2019.04.18"]
[Round "1"]
[White "Asis Gargatagli, Hipolito"]
[Black "Pla Almenar, Nel"]
[Result "1-0"]
[WhiteElo "2529"]
[BlackElo "2006"]
[PlyCount "57"]
[EventDate "2019.04.18"]
[EventType "swiss"]
[EventRounds "8"]
[EventCountry "ESP"]
[SourceTitle "CBM 189 Extra"]
[Source "ChessBase"]
[SourceDate "2019.06.03"]
[SourceVersion "1"]
[SourceVersionDate "2019.06.03"]
[SourceQuality "1"]

1. e4 c5 2. Nf3 a6 3. Nc3 e6 4. d4 cxd4 5. Nxd4 Bb4 6. Bd2 Ne7 7. a3 Ba5 8. Qe2 Nbc6 9. Nb3 Bc7 10. 0-0-0 Ng6 11. g3 b5 12. f4 Qe7 13. h4 d6 14. Bg2 Bb7 15. e5 d5 16. h5 Nf8 17. Be3 Na5 18. Nc5 Bc6 19. Nd3 Nd7 20. Nb4 Bb6 21. Nxc6 Nxc6 22. Bxd5 Bxe3+ 23. Qxe3 exd5 24. Nxd5 Qd8 25. h6 Kf8 26. Qc3 Rc8 27. e6 Nf6 28. e7+ Nxe7 29. hxg7+ 1-0

[Event "Igualada op 14th"]
[Site "Igualada"]
[Date "2019.02.16"]
[Round "6"]
[White "Soidan Parcerisas, Manel"]
[Black "Pla Almenar, Nel"]
[Result "0-1"]
[WhiteElo "1880"]
[BlackElo "1979"]
[PlyCount "102"]
[EventDate "2019.01.12"]
[EventType "swiss"]
[EventRounds "8"]
[EventCountry "ESP"]
[SourceTitle "CBM 189 Extra"]
[Source "ChessBase"]
[SourceDate "2019.06.03"]
[SourceVersion "1"]
[SourceVersionDate "2019.06.03"]
[SourceQuality "1"]

1. e4 c5 2. d4 cxd4 3. Nf3 e6 4. Nxd4 a6 5. Bd3 Nf6 6. 0-0 Qc7 7. Nc3 b5 8. Bxb5 axb5 9. Ndxb5 Qc6 10. e5 Ne4 11. Qf3 Nxc3 12. Qxc6 Nxc6 13. Nc7+ Kd8 14. Nxa8 Ne2+ 15. Kh1 Nxc1 16. Raxc1 Bc5 17. b4 Bxb4 18. Rb1 Ba6 19. Rfc1 Ke7 20. Nb6 Rb8 21. Na4 Bc4 22. c3 Ba3 23. Rxb8 Bxc1 24. Ra8 Bxa2 25. Nb6 Bd5 26. c4 Bxg2+ 27. Kxg2 Nxe5 28. c5 Nc6 29. Rc8 Bf4 30. Rh8 h6 31. h3 Be5 32. Rc8 h5 33. Rh8 g6 34. Rc8 h4 35. Kf3 g5 36. Kg4 Bf4 37. Rg8 Ne5+ 38. Kh5 Nd3 39. Nc8+ Kf6 40. Nd6 Nxc5 41. Ne8+ Ke7 42. Ng7 Ne4 43. Ra8 Nxf2 44. Ra3 Kf8 45. Kh6 g4+ 46. Kh7 g3 47. Ra8+ Ke7 48. Ra1 Nxh3 49. Nh5 g2 50. Nxf4 Nxf4 51. Kg7 h3 0-1

[Event "Igualada op 14th"]
[Site "Igualada"]
[Date "2019.02.02"]
[Round "4"]
[White "Vilella Bertran, Joan"]
[Black "Pla Almenar, Nel"]
[Result "0-1"]
[WhiteElo "2020"]
[BlackElo "1979"]
[PlyCount "88"]
[EventDate "2019.01.12"]
[EventType "swiss"]
[EventRounds "8"]
[EventCountry "ESP"]
[SourceTitle "CBM 189 Extra"]
[Source "ChessBase"]
[SourceDate "2019.06.03"]
[SourceVersion "1"]
[SourceVersionDate "2019.06.03"]
[SourceQuality "1"]

1. c4 e5 2. Nc3 Nc6 3. g3 Bc5 4. Bg2 d6 5. e3 a6 6. Nge2 Ba7 7. d4 h5 8. Bxc6+ bxc6 9. dxe5 dxe5 10. Qxd8+ Kxd8 11. b3 Nh6 12. h3 f6 13. Ba3 Bf5 14. 0-0-0+ Ke8 15. c5 Nf7 16. e4 Bd7 17. f4 g6 18. Ng1 h4 19. fxe5 Nxe5 20. g4 Rd8 21. Rh2 Ke7 22. Rhd2 Be6 23. Nge2 Rxd2 24. Rxd2 a5 25. Nd4 Bd7 26. Kc2 Rf8 27. Rf2 Rd8 28. Nce2 Bc8 29. Kc3 g5 30. Nc1 Ba6 31. Rd2 Kf7 32. Rf2 Bb5 33. Rd2 Bf1 34. Rh2 Rxd4 35. Rf2 Rxe4 36. Rxf1 Re3+ 37. Kd2 Rxh3 38. Bb2 Rh2+ 39. Ne2 Ke6 40. Bxe5 fxe5 41. Rc1 Rg2 42. Rc4 h3 43. Kd3 h2 44. Rc1 Bxc5 0-1

[Event "Cornella Pinol Memorial 6th"]
[Site "Cornella de Llobregat"]
[Date "2018.10.15"]
[Round "4"]
[White "Varela Cuadrado, Cesar M"]
[Black "Pla Almenar, Nel"]
[Result "1/2-1/2"]
[WhiteElo "1844"]
[BlackElo "1970"]
[PlyCount "49"]
[EventDate "2018.09.24"]
[EventType "swiss"]
[EventRounds "9"]
[EventCountry "ESP"]
[SourceTitle "CBM 187 Extra"]
[Source "ChessBase"]
[SourceDate "2018.11.04"]
[SourceVersion "1"]
[SourceVersionDate "2018.11.04"]
[SourceQuality "1"]

1. e4 c6 2. Nc3 d5 3. f4 g6 4. Nf3 Bg4 5. d4 e6 6. e5 Nh6 7. Be2 Nf5 8. Ng5 Bxe2 9. Nxe2 h6 10. Nf3 h5 11. c3 Qb6 12. a4 c5 13. a5 Qb5 14. dxc5 Bxc5 15. b4 Be7 16. Ned4 Nxd4 17. Nxd4 Qc4 18. Qc2 0-0 19. Nxe6 Rc8 20. Nc5 d4 21. e6 Bxc5 22. exf7+ Kxf7 23. bxc5 Re8+ 24. Kd1 Qxc5 25. Qb3+ 1/2-1/2

[Event "Cornella Pinol Memorial 6th"]
[Site "Cornella de Llobregat"]
[Date "2018.10.08"]
[Round "3"]
[White "Pla Almenar, Nel"]
[Black "Avila Jimenez, Xavier"]
[Result "0-1"]
[WhiteElo "1970"]
[BlackElo "2175"]
[PlyCount "66"]
[EventDate "2018.09.24"]
[EventType "swiss"]
[EventRounds "9"]
[EventCountry "ESP"]
[SourceTitle "CBM 187 Extra"]
[Source "ChessBase"]
[SourceDate "2018.11.04"]
[SourceVersion "1"]
[SourceVersionDate "2018.11.04"]
[SourceQuality "1"]

1. Nf3 d5 2. c4 c6 3. e3 Nf6 4. Nc3 a6 5. b3 Bg4 6. h3 Bh5 7. Ba3 Qa5 8. Qc1 b5 9. b4 Qb6 10. g4 Bg6 11. cxd5 Nxd5 12. Nxd5 cxd5 13. Qc8+ Qd8 14. Qb7 Nd7 15. Qxd5 e6 16. Qd4 Be7 17. Rc1 0-0 18. Be2 Bf6 19. Qf4 e5 20. Qg3 e4 21. Nd4 Ne5 22. 0-0 Re8 23. Bb2 h6 24. Bc3 Qd5 25. a3 Rac8 26. f4 exf3 27. Nxf3 Nd3 28. Bxd3 Bxd3 29. Rfe1 Bxc3 30. dxc3 Qb3 31. Qd6 Rxc3 32. Ne5 Be4 33. Qd4 Qb2 0-1

[Event "Barcelona Gotic op 2nd"]
[Site "Barcelona"]
[Date "2018.05.29"]
[Round "5"]
[White "Cervello Tost, Roger"]
[Black "Pla Almenar, Nel"]
[Result "0-1"]
[WhiteElo "1972"]
[BlackElo "1901"]
[PlyCount "112"]
[EventDate "2018.04.24"]
[EventType "swiss"]
[EventRounds "8"]
[EventCountry "ESP"]
[SourceTitle "EXT 2019"]
[Source "ChessBase"]
[SourceDate "2018.10.10"]
[SourceVersion "1"]
[SourceVersionDate "2018.10.10"]
[SourceQuality "1"]

1. e4 e6 2. d4 d5 3. Nc3 Nf6 4. e5 Nfd7 5. f4 c5 6. Nf3 Nc6 7. Be3 Be7 8. Ne2 b6 9. g3 0-0 10. c3 Ba6 11. Bh3 cxd4 12. Nexd4 Nxd4 13. Bxd4 Nc5 14. Bxc5 bxc5 15. Qc2 Qb6 16. Qb3 Qc6 17. Bf1 Bxf1 18. Rxf1 d4 19. 0-0-0 Rab8 20. Qc2 dxc3 21. Qxc3 Qa4 22. Kb1 Rb4 23. Qc2 Qb5 24. Rf2 Rb8 25. Rc1 a5 26. Ka1 Qb6 27. Ng5 g6 28. Ne4 Rc8 29. Rd2 a4 30. Nd6 Rc7 31. Nc4 Qa6 32. Qc3 Rb8 33. Rcd1 Rb4 34. Nd6 Rb8 35. Qc4 Qc6 36. a3 Ra8 37. g4 Qf3 38. f5 Qb3 39. f6 Bf8 40. Qxb3 axb3 41. g5 c4 42. Nb5 Rc5 43. Nc3 Rxe5 44. h4 h6 45. gxh6 Bxh6 46. Rd4 Rc8 47. Na4 Rf5 48. Nb6 Rc7 49. Nxc4 Rxf6 50. Na5 Rf3 51. Rd8+ Kh7 52. Rb8 Rd7 53. Rh1 Rdd3 54. Rb7 Bg7 55. Nc4 Rf2 56. Rc1 Rc2 0-1

[Event "Cornella Pinol Memorial 5th"]
[Site "Cornella de Llobregat"]
[Date "2017.10.09"]
[Round "3"]
[White "Castrillo Mansego, Pablo"]
[Black "Pla Almenar, Nel"]
[Result "1/2-1/2"]
[WhiteElo "2014"]
[BlackElo "1817"]
[PlyCount "99"]
[EventDate "2017.09.25"]
[EventType "swiss"]
[EventRounds "9"]
[EventCountry "ESP"]
[SourceTitle "CBM 181 Extra"]
[Source "ChessBase"]
[SourceDate "2017.12.12"]
[SourceVersion "1"]
[SourceVersionDate "2017.12.12"]
[SourceQuality "1"]

1. e4 c5 2. d4 cxd4 3. c3 dxc3 4. Nxc3 Nc6 5. Nf3 d6 6. Bc4 a6 7. Bg5 Nf6 8. Qe2 b5 9. Bb3 Bg4 10. Qe3 h6 11. Bh4 Bxf3 12. Qxf3 g5 13. Bg3 Nd4 14. Qd3 Nxb3 15. axb3 Bg7 16. 0-0 Nh5 17. Rxa6 0-0 18. Rxa8 Qxa8 19. Nd5 Qb7 20. Rc1 Nxg3 21. Rc7 Qb8 22. hxg3 e6 23. Ne7+ Kh8 24. Qxd6 Bxb2 25. Kh2 Rd8 26. Ng6+ Kh7 27. Qe7 Rg8 28. e5 Qe8 29. Qxe8 Rxe8 30. Ne7 Bxe5 31. Rb7 Rb8 32. Rd7 Bf6 33. Nc6 Rb6 34. Rxf7+ Kg6 35. Rc7 b4 36. Ne7+ Bxe7 37. Rxe7 Kf5 38. f3 e5 39. Rf7+ Ke6 40. Rc7 Rd6 41. Rb7 Rd4 42. Rb6+ Kf5 43. g4+ Kf4 44. Rxh6 e4 45. Rf6+ Ke3 46. Re6 Kd3 47. fxe4 Rxe4 48. Rg6 Rxg4 49. Kh3 Rh4+ 50. Kg3 1/2-1/2

[Event "Catalunya-ch U16"]
[Site "Vila Seca"]
[Date "2012.04.02"]
[Round "5"]
[White "Pla Almenar, Nel"]
[Black "Perez Cabas, Jose"]
[Result "0-1"]
[WhiteElo "1802"]
[BlackElo "1983"]
[PlyCount "74"]
[EventDate "2012.03.31"]
[EventType "swiss"]
[EventRounds "9"]
[EventCountry "ESP"]
[SourceTitle "EXT 2015"]
[Source "ChessBase"]
[SourceDate "2014.11.20"]
[SourceVersion "1"]
[SourceVersionDate "2014.11.20"]
[SourceQuality "1"]

1. e4 c5 2. Nf3 e6 3. d4 cxd4 4. Nxd4 Nc6 5. Nc3 Qc7 6. Be2 a6 7. Nxc6 bxc6 8. 0-0 d5 9. exd5 cxd5 10. Be3 Nf6 11. f4 Be7 12. Qd3 0-0 13. Bf3 Bb7 14. Ne2 Ne4 15. c3 Rfe8 16. Nd4 Bf6 17. Bxe4 dxe4 18. Qe2 e5 19. Nf5 Bc8 20. Ng3 exf4 21. Bxf4 Qc5+ 22. Qe3 Qxe3+ 23. Bxe3 Rb8 24. Nh5 Be5 25. Rf2 Bg4 26. Nf4 Rbd8 27. Ne2 Rd3 28. h3 Bh5 29. Nf4 Bxf4 30. Bxf4 e3 31. Rff1 e2 32. Rfe1 Red8 33. g4 Rd1 34. gxh5 Rxa1 35. Kf2 Rxe1 36. Kxe1 Rd5 37. Kxe2 Rxh5 0-1

[Event "Catalunya-ch U16"]
[Site "Vila Seca"]
[Date "2012.04.01"]
[Round "2"]
[White "Buch Prades, Joan"]
[Black "Pla Almenar, Nel"]
[Result "1-0"]
[WhiteElo "2018"]
[BlackElo "1802"]
[PlyCount "93"]
[EventDate "2012.03.31"]
[EventType "swiss"]
[EventRounds "9"]
[EventCountry "ESP"]
[SourceTitle "EXT 2015"]
[Source "ChessBase"]
[SourceDate "2014.11.20"]
[SourceVersion "1"]
[SourceVersionDate "2014.11.20"]
[SourceQuality "1"]

1. d4 d5 2. c4 c6 3. Nf3 Nf6 4. Nc3 e6 5. cxd5 exd5 6. Bg5 Nbd7 7. e3 Qa5 8. Nd2 Bb4 9. Qc2 0-0 10. Bd3 Qc7 11. Bf4 Bd6 12. Nb5 cxb5 13. Qxc7 Bxc7 14. Bxc7 a6 15. Rc1 Nb8 16. Nb3 Nc6 17. Nc5 Nd7 18. Nb3 f5 19. 0-0 Rf7 20. Na5 Nxa5 21. Bxa5 Nf8 22. Rc5 Be6 23. Rfc1 Rb8 24. Bb4 b6 25. Rc6 Bd7 26. Rd6 a5 27. Bd2 b4 28. a3 bxa3 29. bxa3 Be6 30. Rcc6 Rfb7 31. f3 Bd7 32. Rc1 Be6 33. Rb1 Kf7 34. Ba6 Ra7 35. Bd3 Nd7 36. e4 dxe4 37. fxe4 fxe4 38. Bxe4 Ke7 39. Bf4 Rf8 40. Bg3 h6 41. Re1 Bg8 42. Rg6 Kf7 43. Rd6 Ke7 44. Bg6+ Kd8 45. Rc1 Rf6 46. Bh4 Ke7 47. Rdc6 1-0